พัฒนาเว็บไซต์สมัยใหม่ด้วย HTML5 CSS+JavaScript+Bootstrap / (ระเบียนเลขที่ 106850)
| 000 -LEADER | |
|---|---|
| fixed length control field | 02911 a2200325 4500 |
| 003 - CONTROL NUMBER IDENTIFIER | |
| control field | NALT |
| 005 - DATE AND TIME OF LATEST TRANSACTION | |
| control field | 20250721094726.0 |
| 008 - FIXED-LENGTH DATA ELEMENTS--GENERAL INFORMATION | |
| fixed length control field | 250612b th ||||| |||| 00| 0 tha d |
| 020 ## - INTERNATIONAL STANDARD BOOK NUMBER | |
| International Standard Book Number | 9786162627736 |
| 040 ## - CATALOGING SOURCE | |
| Original cataloging agency | NALT |
| 050 ## - LIBRARY OF CONGRESS CALL NUMBER | |
| Classification number | QA 76.76.H94 |
| Item number | พ527 2566 |
| 245 10 - TITLE STATEMENT | |
| Title | พัฒนาเว็บไซต์สมัยใหม่ด้วย HTML5 CSS+JavaScript+Bootstrap / |
| Statement of responsibility, etc. | กองบรรณาธิการ, ปิยะ นากสงค์ ... [และคนอื่นๆ]. |
| 250 ## - EDITION STATEMENT | |
| Edition statement | พิมพ์ครั้งที่ 1. |
| 260 ## - PUBLICATION, DISTRIBUTION, ETC. | |
| Place of publication, distribution, etc. | กรุงเทพฯ : |
| Name of publisher, distributor, etc. | รีไวว่า, |
| Date of publication, distribution, etc. | 2566. |
| 300 ## - PHYSICAL DESCRIPTION | |
| Extent | 450 หน้า : |
| Other physical details | ภาพประกอบ ; |
| Dimensions | 21 ซม. |
| 505 2# - FORMATTED CONTENTS NOTE | |
| Formatted contents note | Chapter 1 เริ่มต้นกับการสร้างเว็บเพจ -- <br/>Chapter 2 เริ่มต้นกับ HTML5 -- <br/>Chapter 3 การใส่เนื้อหาบนหน้าเว็บ -- <br/>Chapter 4 เชื่อมโยงเว็บเพจด้วยลิงก์ (Link) -- <br/>Chapter 5 ตารางและภาพกราฟิก -- <br/>Chapter 6 การสร้างแบบฟอร์ม -- <br/>Chapter 7 จัดวางโครงสร้างเนื้อหา -- <br/>Chapter 8 การใช้งานไฟล์วิดีโอและเสียง -- <br/>Chapter 9 พื้นฐาน CSS และการเลือกเอลิเมนต์ -- <br/>Chapter 10 ปรับแต่งข้อความและจัดวางเลย์เอาต์ด้วย CSS -- <br/>Chapter 11 ปรับแต่งฟอร์มด้วย CSS -- <br/>Chapter 12 ทบทวนพื้นฐาน JavaScript -- <br/>Chapter 13 การใช้ JavaScript เพิ่มเติม -- <br/>Chapter 14 การใช้งาน Canvas -- <br/>Chapter 15 การใช้งาน Drag and Drop -- <br/>Chapter 16 พื้นฐานการใช้งาน Bootstrap 5.x. |
| 650 #4 - SUBJECT ADDED ENTRY--TOPICAL TERM | |
| Topical term or geographic name entry element | HTML (ภาษาคอมพิวเตอร์) |
| 9 (RLIN) | 66324 |
| 650 #4 - SUBJECT ADDED ENTRY--TOPICAL TERM | |
| Topical term or geographic name entry element | เอชทีเอ็มแอล (ภาษาคอมพิวเตอร์) |
| 9 (RLIN) | 32465 |
| 650 #4 - SUBJECT ADDED ENTRY--TOPICAL TERM | |
| Topical term or geographic name entry element | จาวาสคริปต์ (ภาษาคอมพิวเตอร์) |
| 9 (RLIN) | 18398 |
| 650 #0 - SUBJECT ADDED ENTRY--TOPICAL TERM | |
| Topical term or geographic name entry element | ซีเอสเอส (ภาษาคอมพิวเตอร์) |
| 9 (RLIN) | 66325 |
| 650 #4 - SUBJECT ADDED ENTRY--TOPICAL TERM | |
| Topical term or geographic name entry element | บูทสแตร็ป (โปรแกรมคอมพิวเตอร์) |
| 9 (RLIN) | 66326 |
| 650 #4 - SUBJECT ADDED ENTRY--TOPICAL TERM | |
| Topical term or geographic name entry element | การพัฒนาเว็บไซต์ |
| 9 (RLIN) | 12319 |
| 650 #4 - SUBJECT ADDED ENTRY--TOPICAL TERM | |
| Topical term or geographic name entry element | เว็บไซต์ |
| General subdivision | การออกแบบ |
| 9 (RLIN) | 12318 |
| 700 0# - ADDED ENTRY--PERSONAL NAME | |
| Personal name | ปิยะ นากสงค์. |
| 9 (RLIN) | 36692 |
| 710 2# - ADDED ENTRY--CORPORATE NAME | |
| Corporate name or jurisdiction name as entry element | กองบรรณาธิการ. |
| 9 (RLIN) | 7346 |
| 942 ## - ADDED ENTRY ELEMENTS (KOHA) | |
| Koha item type | General Book |
| Source of classification or shelving scheme | Library of Congress Classification |
| 996 ## - STAFF PROCESSING RECORDS (NALT) | |
| Staff name | jidapa.t |
| Staff type | ACQSTF |
| Acquisition or Cataloging date | 2025-06-12 |
| 996 ## - STAFF PROCESSING RECORDS (NALT) | |
| Staff name | varee.k |
| Staff type | LIBSTF |
| Acquisition or Cataloging date | 2025-06-26 |
| 996 ## - STAFF PROCESSING RECORDS (NALT) | |
| Staff name | jamriang.p |
| Staff type | CATSTF |
| Acquisition or Cataloging date | 2025-07-21 |
| 998 ## - STAFF NAME (NALT) | |
| -- | 1020 |
| -- | นางจำเรียง ระวังสำโรง |
| Withdrawn status | Lost status | Source of classification or shelving scheme | Damaged status | Not for loan | Collection code | Home library | Current library | Shelving location | Date acquired | Source of acquisition | Total Checkouts | Full call number | Barcode | Date last seen | Price effective from | Koha item type |
|---|---|---|---|---|---|---|---|---|---|---|---|---|---|---|---|---|
| Library of Congress Classification | General Book collection | National Assembly Library of Thailand | National Assembly Library of Thailand | General Book shelves | 05/06/2025 | 192 | QA 76.76.H94 พ527 2566 | 3961215386 | 05/06/2025 | 05/06/2025 | General Book |
